000
00316nam a22001337a 4500
008
190306b xxu||||| |||| 00| 0 eng d
020
_a
9780071624428
041
_a
eng
080
_2
12th
_a
615
100
_a
5
101
_a
SHF
245
_a
The Pharmacological Basis of Therapeutics
_c
Brunton, L
942
_2
udc
_c
BK
999
_c
54613
_d
54613